Marlene Dietrich's male partners on screen - Statistics

General Stats
  • This quiz has been taken 21 times
  • The average score is 5 of 12
Answer Stats
Hint Answer % Correct
Blonde Venus Cary Grant
82%
Morocco Gary Cooper
76%
Destry Rides Again James Stewart
76%
Judgment at Nuremberg Spencer Tracy
65%
The blue angel Emil Jannings
53%
The Spoilers John Wayne
41%
Witness for the prosecution Tyrone Power
41%
The Garden of Allah Charles Boyer
24%
Martin Roumagnac Jean Gabin
24%
Angel Melvyn Douglas
24%
Golden earrings Ray Milland
18%
Rancho Notorious Mel Ferrer
12%
No matching quizzes found
Score Distribution
Percent of People with Each Score
Percentile by Number Answered
Your Score History
You have not taken this quiz